000 00588nam a22001817a 4500
003 OSt
005 20250818054506.0
008 250818b |||||||| |||| 00| 0 eng d
020 _a-13 : 978-1-58479-571-1.
040 _aDWCL MAIN LIB
_cOC
082 _aCirc.
100 _aPEPIN, JACQUES
245 _a Chez Jacques :
_btraditions and rituals of a cook with 100 recipes /
_cPEPIN, JACQUES
260 _aNew York :
_bStewart, Tabori and Chang,
_c c2007.
300 _a 271 pages :
_bcolor illustrations ;
_c26cm. Series
504 _aInclude index.
942 _2ddc
_cBK-CIRC
_kCirc.
_n0
999 _c4012
_d4012